000 00782nam a22002177a 4500
999 _c5324
_d5324
003 AR-CdUCM
008 190312b ||||| |||| 00| 0 spa d
040 _aMUNICIPALIDAD PROVINCIAL DEL CUSCO
_cBIBLIOTECA MUNICIPAL DEL CUSCO
082 _24ed.
_a320.51 /
_bJ15
100 _aJaguande D'Anjoy, Alfonso
_98733
245 _aFilosofía del neoliberalismo :
_buna contribución al pensamiento filosófico /
260 _a[Lima] :
_bTalleres de gráfica Retai S.A.C.,
_c2007.
300 _a39 páginas ;
_c20.5 cm.
650 _aLiberalismo
_91985
650 _aNeoliberalismo
_916088
650 _aFilosofía
_9395
650 _aPensamiento filosófico
_916089
700 _aMiró Quesada Cantuarias, Francisco (Presentación)
_916090
942 _2ddc
_cLIBROS
945 _alccs